MLJ's Madras law journal digest 2012-2013 : (Record no. 91760)

MARC details
000 -LEADER
fixed length control field 00701nam a22001937a 4500
005 - DATE AND TIME OF LATEST TRANSACTION
control field 20150323121647.0
010 ## - LCCN (DPL NO)
LC control number ENG-112227
020 ## - INTERNATIONAL STANDARD BOOK NUMBER
Terms of availability 1350.00
International Standard Book Number 9788180389740
035 ## - SYSTEM CONTROL NUMBER
System control number EN-95759
037 ## - SOURCE OF ACQUISITION
Source of stock number/acquisition DBAD/PUB
082 ## - DEWEY DECIMAL CLASSIFICATION NUMBER
Classification number 340.95482
245 ## - TITLE STATEMENT
Title MLJ's Madras law journal digest 2012-2013 :
Remainder of title edited by S S Subramani...[et al]
Statement of responsibility, etc civil and criminal with equivalent citations /
260 ## - PUBLICATION, DISTRIBUTION, ETC. (IMPRINT)
Place of publication, distribution, etc Gurgoan
Name of publisher, distributor, etc LexisNexis
Date of publication, distribution, etc 2013
270 ## - ADDRESS
City Gurgoan
Postal code 122002
Address 14th Floor, Building No. 10, Tower-B, DLF Cyber City, Phase-II
300 ## - PHYSICAL DESCRIPTION
Extent V.7(li, 768p.)
Dimensions 26cm(Hb)
505 ## - FORMATTED CONTENTS NOTE
Formatted contents note v.7- Administrative law - words and phrases
700 ## - ADDED ENTRY--PERSONAL NAME
Personal name Subramani, S.S.
942 ## - ADDED ENTRY ELEMENTS (KOHA)
Source of classification or shelving scheme Dewey Decimal Classification
Item type English Books
Call number suffix MLJ
Classification part 340.95482
Holdings
Withdrawn status Lost status Materials specified (bound volume or other part) Not for loan Collection code Home library Current library Date acquired Source of acquisition Cost, normal purchase price Full call number Barcode Copy number Cost, replacement price Koha item type
    v.7 Not For Loan Non-fiction D.B.Act.Division D.B.Act.Division 24/02/2015 DBAD/PUB 1350.00 340.95482 MLJ EN-95759 1 1350.00 English Books

© Delhi Public Library
Hit Counter
free hit counter